| 000 | 00336nam a2200133Ia 4500 | ||
|---|---|---|---|
| 100 | _aChung/ Kai Lai | ||
| 942 | _cBK | ||
| 654 | _aProbability stochastic Processess | ||
| 245 | _aProbability theory with stochastic Processes | ||
| 260 |
_bNarosa Pub House _aNew Delhi _c1991 |
||
| 082 |
_a519.2 _bcho |
||
| 546 | _aENGLISH | ||
| 999 |
_c25195 _d25195 |
||